000 00346nam a2200133Ia 4500
008 240624s9999 xx 000 0 und d
041 _aeng
082 _a658.872 RIS
100 _aRISHI BIKRAMJIT
245 _aCONTEMPORARY ISSUES IN SOCIAL MEDIA MARK
260 _c2018
_aLondon
_bRoutledge
300 _axix, 328 p,: 23 cm.
365 _cBPS
_b35
999 _c31482
_d31482